000 00797nam a2200265Ia 4500
001 2903
003 GE_BSU
008 181216s||||||||xx |||||||||||||| ||und||
020 _a58622255699
040 _cGE_BSU
080 _a510+330.115(075.8)
100 _aКолесников, A. H.
245 _aКраткий курс математики для экономистов
245 _bУчебное пособие
245 _cред. И.В. Мартынова
260 _aМосква
260 _bИНФРА-М
260 _c1997
300 _a208 с. 21 см.
541 _h3 л. 85 т.
653 _aКраткий курс математики для экономистов
653 _aМатематика
653 _aმათემატიკა
942 _cBK
999 _c36952
_d36952